Fantasy worlds - Statistics

General Stats
  • This quiz has been taken 33 times
  • The average score is 5 of 15
Answer Stats
Fantasy world Creator(s) % Correct
Middle-earth J.R.R. Tolkien
93%
Westeros George R.R. Martin
72%
Narnia C.S. Lewis
69%
Panem Suzanne Collins
48%
Discworld Terry Pratchett
45%
Earthsea Ursula K. Le Guin
45%
One Hundred Acre Woods A.A. Milne
31%
Laputa Jonathan Swift
14%
Known Space (universe) Larry Niven
14%
Ravka Leigh Bardugo
10%
Terabithia Katherine Paterson
7%
Xanadu Samuel Taylor Coleridge
7%
All-World Stephen King
3%
(The) Four Lands Terry Brooks
3%
Jumanji Chris Van Allsburg
0%
No matching quizzes found
Score Distribution
Percent of People with Each Score
Percentile by Number Answered
Your Score History
You have not taken this quiz